000 00420nam a2200157Ia 4500
008 230312s9999||||xx |||||||||||||| ||und||
020 _a0-256-01443-4
082 _a300.182
_bKOL
100 _aKolstoe, Ralph H
245 0 _aIntroduction to statistics for the Behaviorial sciences
260 _bDorsey Press
_aIllinois
_c1973
300 _a383
546 _aEng.
650 _aManagement
_vwhole score in X
942 _cBK
999 _c2727
_d2727